01036nam a2200265 i 45000010005000000030009000050050017000140080041000310200018000720800015000901000039001052450104001442600064002483000022003124900041003346500029003756500035004046500045004397000039004847000039005238300049005628520022006119990015006339520122006489859ES-MaACL20230906145754.0940311s1993 sp ||||1| spa d a84-370-1074-8 a001.81:5/61 aNúñez Cachaza, Antonio.98617710aHacer una tesis en ciencias / cA. Núñez Cachaza, M. Núñez de Murga, J. Núñez de Murga. aValència : bUniversitat, Servei de Publicacions, c1993. a103 p. ; c17 cm.1 aCultura universitaria popular ; v19 aTesis doctorales.917517 4aEscritos científicos.912399 4aInvestigación-xMetodología.91654401 aNúñez de Murga, Manuel.9861891 aNúñez de Murga, Javier.9861881 aCultura universitaria popular ; v199179154 aES-MaACLjL-17289 c9859d9859 00104070aATENEOMbATENEOMcDEPO2d2008-01-17eSCl0oL-17289p1010065r2023-02-23 00:00:00w2023-02-23yMONOGRAFIA